On the forestry conditions of northern Wisconsin. (Record no. 24346)
[ view plain ]
| 000 -LEADER | |
|---|---|
| fixed length control field | 00931cam a22002531 4500 |
| 001 - CONTROL NUMBER | |
| control field | gs 05001116 |
| 003 - CONTROL NUMBER IDENTIFIER | |
| control field | DLC |
| 005 - DATE AND TIME OF LATEST TRANSACTION | |
| control field | 20260227111302.0 |
| 008 - FIXED-LENGTH DATA ELEMENTS--GENERAL INFORMATION | |
| fixed length control field | 751002s1898 wiub s000 0 eng |
| 010 ## - LIBRARY OF CONGRESS CONTROL NUMBER | |
| LC control number | gs 05001116 |
| 035 ## - SYSTEM CONTROL NUMBER | |
| System control number | (OCoLC)1672393 |
| 040 ## - CATALOGING SOURCE | |
| Original cataloging agency | DLC |
| Transcribing agency | ViW |
| Modifying agency | DLC |
| 042 ## - AUTHENTICATION CODE | |
| Authentication code | premarc |
| 050 00 - LIBRARY OF CONGRESS CALL NUMBER | |
| Classification number | QE179 |
| Item number | .A2 no. 1 |
| 051 ## - LIBRARY OF CONGRESS COPY, ISSUE, OFFPRINT STATEMENT | |
| Classification number | SD144.W8 |
| Item number | R8 |
| 100 1# - MAIN ENTRY--PERSONAL NAME | |
| Personal name | Roth, Filibert, |
| Dates associated with a name | 1858-1925. |
| 245 10 - TITLE STATEMENT | |
| Title | On the forestry conditions of northern Wisconsin. |
| Statement of responsibility, etc. | By Filibert Roth. |
| 260 ## - PUBLICATION, DISTRIBUTION, ETC. | |
| Place of publication, distribution, etc. | Madison, Wis., |
| Name of publisher, distributor, etc. | Published by the state, |
| Date of publication, distribution, etc. | 1898. |
| 300 ## - PHYSICAL DESCRIPTION | |
| Extent | vi, 78 p. |
| Other physical details | fold. col. map. |
| Dimensions | 24 cm. |
| 490 1# - SERIES STATEMENT | |
| Series statement | Wisconsin. Geological and natural history survey. Bulletin |
| Volume/sequential designation | no. 1. Economic series no. 1 |
| 650 #0 - SUBJECT ADDED ENTRY--TOPICAL TERM | |
| Topical term or geographic name entry element | Forests and forestry |
| Geographic subdivision | Wisconsin. |
| 810 2# - SERIES ADDED ENTRY--CORPORATE NAME | |
| Corporate name or jurisdiction name as entry element | Wisconsin Geological and Natural History Survey. |
| Title of a work | Bulletin ; |
| Volume/sequential designation | no. 1. |
| 810 2# - SERIES ADDED ENTRY--CORPORATE NAME | |
| Corporate name or jurisdiction name as entry element | Wisconsin Geological and Natural History Survey. |
| Title of a work | Economic series ; |
| Volume/sequential designation | no. 1. |
No items available.